Rodná města významných osobností v ČR - Statistics

General Stats
  • This quiz has been taken 54 times
  • The average score is 17 of 38
Answer Stats
Osobnost Město % Correct
Karel Hynek Mácha Praha
98%
Eliška Krásnohorská Praha
98%
Julius Fučík Praha
98%
Václav Řezáč Praha
98%
Jan Otčenášek Praha
98%
Martin Bursík Praha
98%
Karel Gott Plzeň
93%
Jiří Suchý Plzeň
93%
Vlasta Burian Liberec
88%
Richard Krajčo Ostrava
86%
Jaromír Jágr Kladno
79%
Jiří z Poděbrad Poděbrady
79%
Josef Štolba Hradec Králové
60%
Sigmund Freud Příbor
53%
Antonín Dvořák Nelahozeves
42%
Jan Hamáček Mladá Boleslav
40%
Bohuslav Martinů Polička
40%
Božena Němcová Vídeň/Ratibořice
40%
Alfons Mucha Ivančice
35%
Karel Čapek Malé Svatoňovice
35%
Josef Ressel Chrudim
28%
Jan Syrový Třebíč
26%
Čeněk Šercl Beroun
23%
Ferdinand Porsche Vratislavice nad Nisou
21%
Dominik Feri Kadaň
16%
Jon Marianek Hustopeče
14%
František Křižík Plánice
12%
Bratranci Veverkové Rybitví
12%
Karel Václav Rais Lázně Bělohrad
9%
Vítězslav Nezval Biskoupky
7%
Alois Rašín Nechanice
7%
Antonín Sova Pacov
7%
Kateřina Vilemína Zaháňská Jelgava
5%
Otokar Březina Počátky u Pelhřimova
5%
Maršál Radecký Sedlčany
5%
Cyprián Lelek Dolní Benešov
2%
František Soukup Kamenná Lhota
2%
Emil Kolben Strančice
2%
No matching quizzes found
Score Distribution
Percent of People with Each Score
Percentile by Number Answered
Your Score History
You have not taken this quiz